| 000 | 00486nam a2200157Ia 4500 | ||
|---|---|---|---|
| 008 | 190805s9999||||xx |||||||||||||| ||und|| | ||
| 020 |
_a540072710 _cRs. 600.00 |
||
| 082 | 0 | 4 |
_a623.894 _bM7811 |
| 100 | 1 | _aMoore, D. A. | |
| 245 | 1 | 0 |
_aInternational lights, shapes and sound signals / _cD. A. Moore |
| 260 |
_aLondon : _bStanford Maritime Ltd., _c1976 |
||
| 300 |
_a143 p. _b : col. ill. _c; 25 cm. |
||
| 650 | 0 |
_aSignals and signaling _xStandards |
|
| 942 | _cBK | ||
| 999 |
_c98 _d98 |
||